01486cam a2200289 a 450000100060000000300080000600500170001400800410003102000220007202000220009403500190011604000320013504100080016708200280017524501040020326000420030730000260034950003800037550400390075565000660079470000340086070000330089471100890092794200120101699900170102895201510104566052BD-RjUL20211209081509.0860820m1987 flua b 101 0 eng  a0849356377 (v. 1) a0849356385 (v. 2) a(BD-RjUL)66182 aDLCcDLCdDLCdBD-RjULbeng aeng00223a599.01927bBIO 198710aBiological activities of alpha 1-fetoprotein /ceditors, Gerald J. Mizejewski, Herbert I. Jacobson. aBoca Raton, Fla. :bCRC Press,cc1987 av. :bill. ;c26 cm. aVol. 1 contains reports by contributors who had participated in a satellite symposium of the VIIth International Congress of Endocrinology, entitled "Alpha-fetoprotein as a Modulator of Estrogen Response," held under the auspices of the Faculty of Medicine of Laval University in Quebec City, June 30, 1984. Abstracts of presentations made at the symposium are also included. aIncludes bibliographies and index. 0aAlpha fetoproteinsxPhysiological effectxCongresses.91953731 aMizejewski, Gerald J.91953741 aJacobson, Herbert I.91953752 aInternational Congress of Endocrinologyn(7th :d1984 :cQuébec, Québec)9195376 2ddccBK c66052d66052 00102ddc40718NFICaRUCLbRUCLcReadingd1992-06-08eAsia Foundationg0.00l0o599.01927 BIO V-1 1987r2017-03-13 00:00:00tC-1w2017-03-13yBK